Score 0/57 Timer 14:00
0 Plays Today
Year & Genre(s) Movie % Correct
1982: Adventure/SciFiE.T.: The Extra-Terrestrial
95.5%
2003: ComedyElf
94.6%
2007: ComedyEvan Almighty
84.8%
1973: HorrorThe Exorcist
78.5%
2000: AnimatedThe Emperor's New Groove
75.1%
2000: DramaErin Brockovich
62.5%
1996: MusicalEvita
60.3%
1979: PrisonEscape from Alcatraz
60.3%
1990: CultEdward Scissorhands
60.2%
2007: RomanceEnchanted
56.8%
1974: DisasterEarthquake
53.4%
1969: Road MovieEasy Rider
53.4%
1994: BiopicEd Wood
50.8%
2004: Romance/SciFiEternal Sunshine of the Spotless Mind
49.8%
1981: Action/SciFiEscape from New York
48.4%
1973: KungFuEnter the Dragon
46.1%
2006: AdventureEragon
44%
1955: DramaEast of Eden
42.9%
1998: RomanceEver After
42.5%
1999: MysteryEyes Wide Shut
42.4%
2004: ComedyEurotrip
39.2%
1998: BiopicElizabeth
38.8%
2002: AnimatedEight Crazy Nights
38.4%
1996: ActionEraser
37.9%
1999: ComedyEdTV
37.7%
1996: Romance/WarThe English Patient
36.1%
1999: SatireElection
34.9%
1995: ComedyEmpire Records
34.6%
1988: SportsEight Men Out
32.8%
Year & Genre(s) Movie % Correct
1987: WarEmpire of the Sun
30.3%
2008: ThrillerEagle Eye
29.8%
1981: HorrorThe Evil Dead
29%
2006: ComedyEmployee of the Month
28.5%
1998: ThrillerEnemy of the State
27%
2007: ThrillerEastern Promises
27%
1999: ActionEnd of Days
25.9%
1977: CultEraserhead
25.6%
2001: WarEnemy at the Gates
23.9%
2003: SchoolElephant
19.8%
1997: HorrorEvent Horizon
17.1%
1960: EpicExodus
16.5%
2002: ActionEquilibrium
15.7%
1996: ActionExecutive Decision
14.7%
1975: ActionThe Eiger Sanction
14.3%
2001: ThrillerEnigma
10.7%
2005: RomanceElizabethtown
10.3%
1996: MusicalEveryone Says I Love You
9.9%
1993: ComedyEven Cowgirls Get the Blues
9.4%
2010: ActionEdge of Darkness
9.3%
1976: War/ThrillerThe Eagle Has Landed
9.1%
1999: SciFieXistenZ
8.2%
2001: ComedyEvolution
7.2%
2001: ActionExit Wounds
6%
2008: DramaElegy
4.9%
2007: DocumentaryEncounters at the End of the World
3.3%
1958: CrimeElevator to the Gallows
3.2%
1994: MysteryExotica
2.9%
Remove Ads.
Support Sporcle.
Get the best of Sporcle when you Go Orange. This ad-free experience offers more features, more stats, and more fun while also helping to support Sporcle. Thank you for becoming a member.

You're not logged in!

Compare scores with friends on all Sporcle quizzes.
OR
Log In

Show Comments

Extras

Top Quizzes Today


Score Distribution

Your Account Isn't Verified!

In order to create a playlist on Sporcle, you need to verify the email address you used during registration. Go to your Sporcle Settings to finish the process.

Report this User

Report this user for behavior that violates our Community Guidelines.

Details: